Les tragédies et les théories dramatiques de Voltaire
Gespeichert in:
| 1. Verfasser: | |
|---|---|
| Format: | Buch |
| Sprache: | Undetermined |
| Veröffentlicht: |
Génova, Italia
Slatkine Reprints
1970
|
| Schlagworte: | |
| Tags: |
Tag hinzufügen
Keine Tags, Fügen Sie den ersten Tag hinzu!
|
MARC
| LEADER | 00000nam a2200000Ia 4500 | ||
|---|---|---|---|
| 008 | 170316s9999 xx 000 0 und d | ||
| 040 | |a cru BVZT | ||
| 090 | |a C-840 L-4t | ||
| 100 | |a Lion, Henri | ||
| 245 | |a Les tragédies et les théories dramatiques de Voltaire | ||
| 260 | |a Génova, Italia | ||
| 260 | |b Slatkine Reprints | ||
| 260 | |c 1970 | ||
| 300 | |a 476 páginas | ||
| 650 | |a LITERATURA FRANCESA | ||
| 650 | |a CRÍTICA | ||
| 999 | |c 12993 |d 12993 | ||
| 942 | |c 15 D |h C-840 L-4t |2 z | ||
